000 00806nab a2200241 u 4500
001 16879
003 HDC
007 cr bn ---aaaaa
008 210222c20121009xx dr|noo 0 a eng d
040 _aHDC
245 0 _aIndonesia: LPPOM MUI Simplify Halal Certification For Small Industries
260 _a[No place] :
_b[publisher not identified],
_c2012
336 _atext
_2rdacontent
337 _acomputer
_2rdamedia
338 _aonline resource
_2rdacarrier
650 _aHalal certification
_9753
650 _aSmall business
_9208
710 _aHalal Focus
856 _zRequest full-text at [email protected]
942 _2lcc
942 _cNEWS
942 _kNWSO 005786
999 _c14195
_d14195